| 000 | 01082nam0a22002891 4500 | ||
|---|---|---|---|
| 001 | rc\4680176 | ||
| 005 | 20260408082415.0 | ||
| 021 |
_aRU _bРг8224-63 |
||
| 035 | _a(NLR Aleph) 008424673 | ||
| 090 |
_a9379047 _c9379047 |
||
| 100 | _a20130416d1963 |||y0rusy50 ca | ||
| 101 | 0 | _arus | |
| 102 | _aRU | ||
| 105 | _ay z ||||| | ||
| 200 | 1 |
_aХимические исследования органических компонентов торфа _fМеждунар конгресс по торфу. Ленинград. 1963 |
|
| 210 |
_aЛенинград _cБ. и. _d1963 |
||
| 215 |
_a20 с. в обертке _d23 |
||
| 300 | _aПеред загл. авт.: М. Пассер, Т. Братт, Д. Эльгерлинг | ||
| 700 | 1 |
_aПассер _bМ. |
|
| 701 | 1 |
_aБратт _bТ. |
|
| 701 | 1 |
_aЭльгерлинг _bД. |
|
| 712 | 1 | 2 |
_aМеждународный конгресс по торфу _f1963 _eЛенинград _3RU\NLR\AUTH\8810147124 _9788738 |
| 801 | 0 |
_aRU _bNLR _gpsbo |
|
| 801 | 1 |
_aRU _bELAR _2rusmarc |
|
| 852 |
_aNLR _j63-6/12718 |
||
| 942 | _cBOOK | ||
| 980 | _aNB | ||